<?xml version="1.0" encoding="UTF-8"?><?xml-stylesheet type="text/xsl" href="static/style.xsl"?><OAI-PMH xmlns="http://www.openarchives.org/OAI/2.0/" xmlns:xsi="http://www.w3.org/2001/XMLSchema-instance" xsi:schemaLocation="http://www.openarchives.org/OAI/2.0/ http://www.openarchives.org/OAI/2.0/OAI-PMH.xsd"><responseDate>2026-04-13T14:23:30Z</responseDate><request verb="GetRecord" identifier="oai:www.recercat.cat:2117/1191" metadataPrefix="marc">https://recercat.cat/oai/request</request><GetRecord><record><header><identifier>oai:recercat.cat:2117/1191</identifier><datestamp>2025-07-16T23:54:18Z</datestamp><setSpec>com_2072_1033</setSpec><setSpec>col_2072_452950</setSpec></header><metadata><record xmlns="http://www.loc.gov/MARC21/slim" xmlns:dcterms="http://purl.org/dc/terms/" xmlns:xsi="http://www.w3.org/2001/XMLSchema-instance" xmlns:doc="http://www.lyncode.com/xoai" xsi:schemaLocation="http://www.loc.gov/MARC21/slim http://www.loc.gov/standards/marcxml/schema/MARC21slim.xsd">
   <leader>00925njm 22002777a 4500</leader>
   <datafield ind2=" " ind1=" " tag="042">
      <subfield code="a">dc</subfield>
   </datafield>
   <datafield ind2=" " ind1=" " tag="720">
      <subfield code="a">Delshams Valdés, Amadeu</subfield>
      <subfield code="e">author</subfield>
   </datafield>
   <datafield ind2=" " ind1=" " tag="720">
      <subfield code="a">Llave Canosa, Rafael de la</subfield>
      <subfield code="e">author</subfield>
   </datafield>
   <datafield ind2=" " ind1=" " tag="260">
      <subfield code="c">1999</subfield>
   </datafield>
   <datafield ind2=" " ind1=" " tag="520">
      <subfield code="a">We consider perturbations of integrable area preserving non twist maps of the annulus those&#xd;
are maps in which the twist condition changes sign These maps appear in a variety of applications notably&#xd;
transport in atmospheric Rossby waves&#xd;
We show in suitable parameter families the persistence of critical circles invariant circles whose&#xd;
rotation number is the maximum of all the rotation numbers of points in the map with Diophantine rotation&#xd;
number The parameter values with critical circles of frequency lie on a one dimensional analytic curve&#xd;
Furthermore we show a partial justication of Greenes criterion	 If analytic critical curves with Dio&#xd;
phantine rotation number  exist the residue of periodic orbits that is one fourth of the trace of the&#xd;
derivative of the return map minus with rotation number converging to converges to zero exponen&#xd;
tially fast We also show that if analytic curves exist there should be periodic orbits approximating them&#xd;
and indicate how to compute them&#xd;
These results justify in particular conjectures put forward on the basis of numerical evidence in D del&#xd;
Castillo et al Phys D &#xd;
&#xd;
&#xd;
The proof of both results relies on the successive application of an&#xd;
iterative lemma which is valid also for d dimensional exact symplectic di eomorphisms The proof of this&#xd;
iterative lemma is based on the deformation method of singularity theory</subfield>
   </datafield>
   <datafield tag="653" ind2=" " ind1=" ">
      <subfield code="a">Hamiltonian dynamical systems</subfield>
   </datafield>
   <datafield tag="653" ind2=" " ind1=" ">
      <subfield code="a">Lagrangian functions</subfield>
   </datafield>
   <datafield tag="653" ind2=" " ind1=" ">
      <subfield code="a">Differentiable dynamical systems</subfield>
   </datafield>
   <datafield tag="653" ind2=" " ind1=" ">
      <subfield code="a">Hamiltonian systems</subfield>
   </datafield>
   <datafield tag="653" ind2=" " ind1=" ">
      <subfield code="a">Greene's criterion</subfield>
   </datafield>
   <datafield tag="653" ind2=" " ind1=" ">
      <subfield code="a">KAM theory</subfield>
   </datafield>
   <datafield tag="653" ind2=" " ind1=" ">
      <subfield code="a">Hamilton, Sistemes de</subfield>
   </datafield>
   <datafield tag="653" ind2=" " ind1=" ">
      <subfield code="a">Lagrange, Funcions de</subfield>
   </datafield>
   <datafield tag="653" ind2=" " ind1=" ">
      <subfield code="a">Sistemes dinàmics diferenciables</subfield>
   </datafield>
   <datafield tag="653" ind2=" " ind1=" ">
      <subfield code="a">Classificació AMS::37 Dynamical systems and ergodic theory::37E Low-dimensional dynamical systems</subfield>
   </datafield>
   <datafield tag="653" ind2=" " ind1=" ">
      <subfield code="a">Classificació AMS::37 Dynamical systems and ergodic theory::37J Finite-dimensional Hamiltonian, Lagrangian, contact, and nonholonomic systems</subfield>
   </datafield>
   <datafield tag="653" ind2=" " ind1=" ">
      <subfield code="a">Classificació AMS::70 Mechanics of particles and systems::70H Hamiltonian and Lagrangian mechanics</subfield>
   </datafield>
   <datafield ind2="0" ind1="0" tag="245">
      <subfield code="a">KAM theory and a partial justification of Greene's criterion for non-twist maps</subfield>
   </datafield>
</record></metadata></record></GetRecord></OAI-PMH>